00000000cam 2200000zi 4500
0019.957260
003CaOODSP
00520260602105935
006m     o  d f      
007cr cn ||||||||
008251112e202510##oncdb   ob   f000 0 fre d
020 |a9780660796802
040 |aCaOODSP|bfre|erda|cCaOODSP
043 |an-cn---
0861 |aT94-102/2025F-PDF
24500|aMesurer ce qui importe : |bproposer un cadre axé sur les résultats pour la politique fédérale en matière de logement.
264 1|aOttawa (Ontario) : |bLogement, infrastructures et collectivités Canada = Housing, Infrastructure and Communities Canada, |coctobre 2025.
264 4|c©2025
300 |a1 ressource en ligne (68 pages) : |bcartes, graphiques
336 |atexte|btxt|2rdacontent/fre
337 |ainformatique|bc|2rdamedia/fre
338 |aressource en ligne|bcr|2rdacarrier/fre
500 |aPublié aussi en anglais sous le titre : Measuring what matters : proposing an outcomes framework for federal housing policy.
500 |a« Rapport préparé par le Conseil national du logement et respectueusement soumis au ministre du Logement et de l’Infrastructure. »
504 |aComprend des références bibliographiques (pages 66-68).
520 |a« Le gouvernement fédéral a mis en Ĺ“uvre de nombreuses politiques pour résoudre la crise du logement, grâce à la Stratégie nationale sur le logement, au Plan du Canada sur le logement et, bientôt, à l’initiative Maisons Canada. Le présent rapport tente de répondre à une question fondamentale : comment saurons-nous si ces politiques fonctionnent? »--Sommaire, page 3.
650 6|aLogement|xPolitique gouvernementale|zCanada|xÉvaluation.
650 6|aItinérance|xPrévention|zCanada|xÉvaluation.
7101 |aCanada. |bLogement, infrastructures et collectivités Canada, |eorganisme de publication.
77508|tMeasuring what matters : |w(CaOODSP)9.957259
85640|qPDF|s3.00 Mo|uhttps://publications.gc.ca/collections/collection_2026/licc-hicc/T94-102-2025-fra.pdf